Welfare, environment, and changing US-Chinese relations : (Record no. 14673)

MARC details
000 -LEADER
fixed length control field 01309cam a22003374a 4500
001 - CONTROL NUMBER
control field 13655706
003 - CONTROL NUMBER IDENTIFIER
control field 000
005 - DATE AND TIME OF LATEST TRANSACTION
control field 20170727095548.0
007 - PHYSICAL DESCRIPTION FIXED FIELD--GENERAL INFORMATION
fixed length control field 000
008 - FIXED-LENGTH DATA ELEMENTS--GENERAL INFORMATION
fixed length control field 040715s2004 enka b 001 0 eng
010 ## - LIBRARY OF CONGRESS CONTROL NUMBER
LC control number 2004054864
020 ## - INTERNATIONAL STANDARD BOOK NUMBER
International Standard Book Number 1843768275
040 ## - CATALOGING SOURCE
Original cataloging agency UOEL
Transcribing agency DLC
Modifying agency DLC
042 ## - AUTHENTICATION CODE
Authentication code pcc
043 ## - GEOGRAPHIC AREA CODE
Geographic area code a-cc---
-- n-us---
050 00 - LIBRARY OF CONGRESS CALL NUMBER
Classification number HC427.95
Item number .W45 2004
082 00 - DEWEY DECIMAL CLASSIFICATION NUMBER
Classification number 330.951
Edition number 22
245 00 - TITLE STATEMENT
Title Welfare, environment, and changing US-Chinese relations :
Remainder of title 21st century challenges in China /
Statement of responsibility, etc. edited by Maria Weber.
260 ## - PUBLICATION, DISTRIBUTION, ETC. (IMPRINT)
Place of publication, distribution, etc. Cheltenham, UK ;
-- Northampton, MA :
Name of publisher, distributor, etc. Edward Elgar Pub. in association with ISPI,
Date of publication, distribution, etc. c2004.
300 ## - PHYSICAL DESCRIPTION
Extent xxxi, 181 p. :
Other physical details ill. ;
Dimensions 25 cm.
504 ## - BIBLIOGRAPHY, ETC. NOTE
Bibliography, etc Includes bibliographical references and index.
651 #0 - SUBJECT ADDED ENTRY--GEOGRAPHIC NAME
Geographic name China
General subdivision Economic policy.
Geographic name China
General subdivision Social policy.
Geographic name China
General subdivision Foreign economic relations
Geographic subdivision United States.
Geographic name United States
General subdivision Foreign economic relations
Geographic subdivision China.
700 1# - ADDED ENTRY--PERSONAL NAME
Personal name Weber, Maria,
Dates associated with a name 1951-
856 41 - ELECTRONIC LOCATION AND ACCESS
Materials specified Table of contents
Uniform Resource Identifier <a href="http://www.loc.gov/catdir/toc/fy052/2004054864.html">http://www.loc.gov/catdir/toc/fy052/2004054864.html</a>
906 ## - LOCAL DATA ELEMENT F, LDF (RLIN)
a 7
b cbc
c orignew
d 1
e ocip
f 20
g y-gencatlg
942 ## - ADDED ENTRY ELEMENTS (KOHA)
Source of classification or shelving scheme Library of Congress Classification
Koha item type SES Book
Holdings
Withdrawn status Lost status Source of classification or shelving scheme Damaged status Not for loan Home library Current library Shelving location Date acquired Total Checkouts Full call number Barcode Date last seen Copy number Price effective from Koha item type
    Library of Congress Classification     UOE Main Library UOE Main Library Open shelf 27/07/2017   HC427.95 .W45 2004 20055668 27/04/2026 20055668 27/07/2017 SES Book